000 00300nam a22001337a 4500
008 181031b xxu||||| |||| 00| 0 eng d
020 _a9781591952039
041 _aeng
080 _215th
_a610
100 _a4
101 _aSHM
245 _aDrug Information Handbook
_cLacy,Ch.F
942 _2udc
_cBK
999 _c51304
_d51304